000 00884nas a2200277 4500
001 BR0809360
003 BR-BrBNA
005 20231205112722.0
007 ta
008 230509b bl.|||p| |||| 00| 00por d
040 _aBR-BrBNA
_bpor
_cBiblioteca Nacional de Agricultura
041 _a(Pt)
072 _aL20; P01
100 1 _aRibeiro, E.E.A.
100 1 _aBatista, M.C.S.
100 1 _aCarvalho, M.A.M.
100 1 _aSilva, J.A.L.
245 1 _aNíveis iônicos e enzimáticos de cutias (Dasyprocta sp.)hígidas, criadas em cativeiro, influência do sexo e da idade
650 _aENZIMA
650 _aCUTIA
650 _aELETRÓLITO
650 _aMANEJO
773 0 _tArquivo Brasileiro de Medicina Veterinária e Zootecnia (Brazil)
_xISSN 0102-0935
_g(Jun 2008), v. 60(3) p. 651-655
_wBR0809360
909 _a202311
_bLúcia
_c55
_dLúcia Elande
942 _2AGRIS
_n0
_cANA
999 _c199572
_d199572